Cash Out 2024 / directed by Randall Ives Emmett ; written by Dipo Oseni, Doug Richardson ; produced by Joel Cohen, Cecil Chambers. (Record no. 20885)

000 -LEADER
fixed length control field 01141nam a22002777a 4500
008 - FIXED-LENGTH DATA ELEMENTS--GENERAL INFORMATION
fixed length control field 250528b xxu||||| |||| 00| 0 eng d
040 ## - CATALOGING SOURCE
Original cataloging agency Cagayan State University
Description conventions RDA
050 ## - LIBRARY OF CONGRESS CALL NUMBER
Classification number 791.43
Item number C3388
245 ## - TITLE STATEMENT
Title Cash Out 2024 / directed by Randall Ives Emmett ; written by Dipo Oseni, Doug Richardson ; produced by Joel Cohen, Cecil Chambers.
260 ## - PUBLICATION, DISTRIBUTION, ETC. (IMPRINT)
Place of publication, distribution, etc New York, USA.
Name of publisher, distributor, etc Simon & Schuster, Inc.
Date of publication, distribution, etc ©2024.
300 ## - PHYSICAL DESCRIPTION
Extent 1 videofile (ca. 90 mins.) :
Other physical details sound, color.
520 ## - SUMMARY, ETC.
Summary, etc Professional thief Mason attempts his biggest heist with his brother, robbing a bank. When it goes wrong, they're trapped inside surrounded by law enforcement. Tension rises as Mason negotiates with his ex-lover, the lead negotiator.
650 ## - SUBJECT ADDED ENTRY--TOPICAL TERM
Topical term or geographic name as entry element Action.
700 ## - ADDED ENTRY--PERSONAL NAME
Personal name Travolta, John, star.
700 ## - ADDED ENTRY--PERSONAL NAME
Personal name Davis, Kristin, star.
700 ## - ADDED ENTRY--PERSONAL NAME
Personal name Haas, Lukas, star.
700 ## - ADDED ENTRY--PERSONAL NAME
Personal name Quavo, star.
700 ## - ADDED ENTRY--PERSONAL NAME
Personal name White, Bernard, star.
700 ## - ADDED ENTRY--PERSONAL NAME
Personal name G., Noel, star.
700 ## - ADDED ENTRY--PERSONAL NAME
Personal name Cohen, Joel, star.
700 ## - ADDED ENTRY--PERSONAL NAME
Personal name Yura, Natali, star.
700 ## - ADDED ENTRY--PERSONAL NAME
Personal name Temmel, Swen, star.
700 ## - ADDED ENTRY--PERSONAL NAME
Personal name Gerald, Matt, star.
700 ## - ADDED ENTRY--PERSONAL NAME
Personal name Hurt, Alex, star.
942 ## - ADDED ENTRY ELEMENTS (KOHA)
Source of classification or shelving scheme
Item type Audio-Visual Materials
Holdings
Price effective from Permanent location Date last seen Materials specified (bound volume or other part) Not for loan Date acquired Source of classification or shelving scheme Koha item type Damaged status Lost status Withdrawn status Current location
2025-05-28Cagayan State University - Carig Library2025-05-282025-05-23 2025-05-28 Audio-Visual Materials   Cagayan State University - Carig Library

Cagayan State University University Library, Carig Campus
Tuguegarao City, Cagayan 3500 | www.csucarig.edu.ph

Powered by Koha